Fundamentalizmus a islamské ideologické prúdy

Vymedzenie fundamentalizmu na základe miery jeho zapojenia do opozičnej činnosti a miery využívania násilných metód pri presadzovaní svojich cieľov. Podstata islamizmu ako fenoménu považovaného za praktickú realizáciu ideí fundamentalizmu. Štruktúra a hodnotenie islamizmu a analýza mechanizmu a zlo...

Ausführliche Beschreibung

Gespeichert in:
Bibliographische Detailangaben
1. Verfasser: Sayfiddinov, Alisher
Format: Buchkapitel
Sprache:Slowakisch
Schlagworte:
Tags: Tag hinzufügen
Keine Tags, Fügen Sie das erste Tag hinzu!

MARC

LEADER 00000naa$a2200000$$$4500
001 0068379
005 20240502071827.0
041 0 |a slo 
044 |a SK 
245 1 0 |a Fundamentalizmus a islamské ideologické prúdy  |c Alisher Sayfiddinov 
520 |a Vymedzenie fundamentalizmu na základe miery jeho zapojenia do opozičnej činnosti a miery využívania násilných metód pri presadzovaní svojich cieľov. Podstata islamizmu ako fenoménu považovaného za praktickú realizáciu ideí fundamentalizmu. Štruktúra a hodnotenie islamizmu a analýza mechanizmu a zloženie hnacích síl extrémizmu, ako aj príčiny jeho vzniku. Definovanie rozdielu medzi extrémizmom a terorizmom na základe ich charakteristík. 
610 2 0 |a fundamentalizmus 
610 2 0 |a extrémizmus 
610 2 0 |a ideológia 
610 2 0 |a islam 
610 2 0 |a terorizmus 
100 1 |a Sayfiddinov, Alisher